Documents in microform (Record no. 39872)
[ view plain ]
| 000 -LEADER | |
|---|---|
| fixed length control field | 01207nam a22001697a 4500 |
| 041 ## - LANGUAGE CODE | |
| Language code of text/sound track or separate title | ENG |
| 082 ## - DEWEY DECIMAL CLASSIFICATION NUMBER | |
| Classification number | RR 016.01136 |
| Item number | DOC- |
| 245 ## - TITLE STATEMENT | |
| Title | Documents in microform |
| Sub Title | : a list of resources at SSDC, JNU, University of Bombay, ICSSR Regional Centre, Calcutta |
| 260 ## - PUBLICATION, DISTRIBUTION, ETC. (IMPRINT) | |
| Place of publication | New Delhi: |
| Name of publisher | Social Science Documentation Centre, Indian Council of Social Science Research, |
| Year of publication | 1985. |
| 300 ## - PHYSICAL DESCRIPTION | |
| Number of Pages | n.d. |
| 440 ## - SERIES STATEMENT/ADDED ENTRY--TITLE | |
| Title | SSDC Research Information Series- 21 |
| 520 ## - SUMMARY, ETC. | |
| Summary, etc | This highlights the growing importance of micro-forms in managing space constraints in libraries and preserving rare research materials. It lists micro-form collections available at SSDC, the ICSSR Regional Centre in Calcutta, and universities hosting other ICSSR Regional Centres, including old journal back-files, bibliographical tools, theses, and research reports. Compiled without altering contributors’ entries, the list reveals a rich and unique body of research material on Africa and India and aims to support researchers and information professionals, while inviting user suggestions for further improvement. |
| 650 ## - SUBJECT ADDED ENTRY--TOPICAL TERM | |
| Topical Term | Microforms |
| General subdivision | Catalogs |
| Geographic subdivision | India |
| 650 ## - SUBJECT ADDED ENTRY--TOPICAL TERM | |
| Topical Term | Documentation |
| General subdivision | Bibliography |
| 942 ## - ADDED ENTRY ELEMENTS (KOHA) | |
| Source of classification or shelving scheme | Dewey Decimal Classification |
| Koha item type | Reference Books |
| Withdrawn status | Lost status | Damaged status | Not for loan | Home library | Current library | Date acquired | Full call number | Accession Number | Price effective from | Koha item type |
|---|---|---|---|---|---|---|---|---|---|---|
| Not For Loan | NASSDOC Library | NASSDOC Library | 12/10/1985 | RR 016.01136 DOC- | 19836 | 12/10/1985 | Reference Books |
